Biggest JetPunk Countries as a Percent of Their Continent - Statistics

General Stats
  • This quiz has been taken 2,373 times
    357 since last reset
  • The average score is 15 of 20
Answer Stats
% Country % Correct
81.7 United States
99%
15.6 Canada
93%
31.7 France
93%
14.2 United Kingdom
92%
10.4 Germany
91%
81.4 Australia
89%
73.8 Brazil
89%
12.2 India
87%
13.9 Japan
84%
12.4 Poland
75%
18.2 New Zealand
72%
8.9 Argentina
70%
14.4 South Africa
67%
10.0 Turkey
66%
11.3 Egypt
65%
14.6 Thailand
64%
7.3 Philippines
60%
11.4 Algeria
54%
22.4 Morocco
52%
7.8 Tunisia
37%
No matching quizzes found
Score Distribution
Percent of People with Each Score
Percentile by Number Answered
Your Score History
You have not taken this quiz since the last reset